Lokačné úlohy ako úlohy zmiešaného celočíselného linárneho programovania a ich softvérové riešenie
Predmetom príspevku sú lokačné úlohy, formulované a riešené ako úlohy zmiešaného celočíselného lineárneho programovania pomocou doplnku Riešiteľ v MS Exceli a balíka Python-MIP (Mixed-Integer Linear Programming). Príspevok ponúka uvedenie do problematiky lokačných úloh (objasnenie pojmu, matematickú...
Na minha lista:
| Autor principal: | |
|---|---|
| Formato: | Capítulo de Livro |
| Idioma: | eslovaco |
| Assuntos: | |
| Tags: |
Sem tags, seja o primeiro a adicionar uma tag!
|
MARC
| LEADER | 00000naa$a2200000$$$4500 | ||
|---|---|---|---|
| 001 | 0305480 | ||
| 005 | 20241205204856.8 | ||
| 041 | 0 | |a slo | |
| 044 | |a SK | ||
| 245 | 1 | 0 | |a Lokačné úlohy ako úlohy zmiešaného celočíselného linárneho programovania a ich softvérové riešenie |c Michaela Chocholatá |
| 520 | |a Predmetom príspevku sú lokačné úlohy, formulované a riešené ako úlohy zmiešaného celočíselného lineárneho programovania pomocou doplnku Riešiteľ v MS Exceli a balíka Python-MIP (Mixed-Integer Linear Programming). Príspevok ponúka uvedenie do problematiky lokačných úloh (objasnenie pojmu, matematickú formuláciu, predstavenie vybraných softvérových možností riešenia) a prezentáciu riešenia konkrétnych úloh v rámci výučby predmetu Optimálne programovanie I pre študentov študijného programu Data science v ekonómii na Fakulte hospodárskej informatiky Ekonomickej univerzity v Bratislave. | ||
| 610 | 2 | 0 | |a úlohy alokačné |
| 610 | 2 | 0 | |a programovanie |
| 610 | 2 | 0 | |a programovanie lineárne |
| 610 | 2 | 0 | |a softvér |
| 610 | 2 | 0 | |a riešenia projektové typové |
| 610 | 2 | 0 | |a ekonómia |
| 100 | 1 | |a Chocholatá, Michaela, 1977- | |